Hospodársko-obchodná spolupráca SR s vybranými krajinami juhovýchodnej Ázie a perspektívy jej ďalšieho rozvoja dizertačná práca

Na minha lista:
Detalhes bibliográficos
Autor principal: Paule, Gabriela
Autor Corporativo: Ekonomická univerzita v Bratislave. Obchodná fakulta
Outros Autores: Gavaľová, Viera
Formato: Livro
Idioma:eslovaco
Publicado em: Bratislava 2003
Assuntos:
Tags: Adicionar Tag
Sem tags, seja o primeiro a adicionar uma tag!

MARC

LEADER 00000nbm a2200000 4500
001 0179296
005 20240104094845.6
041 0 |a slo 
044 |a SK 
245 1 0 |a Hospodársko-obchodná spolupráca SR s vybranými krajinami juhovýchodnej Ázie a perspektívy jej ďalšieho rozvoja  |b dizertačná práca  |c Gabriela Paule ; školiteľ: Viera Gavaľová 
264 1 |a Bratislava  |c 2003 
300 |a 169 s. 
610 2 0 |a spolupráca hospodárska medzinárodná 
610 2 0 |a vzťahy hospodárske medzinárodné 
610 2 0 |a vzťahy obchodné 
610 2 0 |a Slovensko 
610 2 0 |a Ázia 
610 2 0 |a Japonsko 
610 2 0 |a Čína 
610 2 0 |a politika zahraničnoobchodná 
100 1 |a Paule, Gabriela 
700 1 |a Gavaľová, Viera 
710 2 |a Ekonomická univerzita v Bratislave. Obchodná fakulta